Chemical engineering data book (Record no. 36437)

000 -LEADER
fixed length control field 00504nam a22001931 4500
001 - CONTROL NUMBER
control field 36437
003 - CONTROL NUMBER IDENTIFIER
control field BD-DhUET
008 - FIXED-LENGTH DATA ELEMENTS--GENERAL INFORMATION
fixed length control field 871013s1958 enka 000 0 eng u
040 ## - CATALOGING SOURCE
Original cataloging agency DLC
Transcribing agency DLC
Modifying agency BD-DhUET
082 ## - DEWEY DECIMAL CLASSIFICATION NUMBER
Classification number 660.28
Item number ROS/1962
100 ## - MAIN ENTRY--PERSONAL NAME
Personal name Ross, T. K.
245 00 - TITLE STATEMENT
Title Chemical engineering data book
250 ## - EDITION STATEMENT
Edition statement 1st ed.
260 ## - PUBLICATION, DISTRIBUTION, ETC. (IMPRINT)
Place of publication, distribution, etc. London
Name of publisher, distributor, etc. Leonard Hill
Date of publication, distribution, etc. 1962
300 ## - PHYSICAL DESCRIPTION
Extent x,998p.
Other physical details ill.
Dimensions 22 cm.
650 #0 - SUBJECT ADDED ENTRY--TOPICAL TERM
Topical term or geographic name as entry element Chemical engineering-Data processing
700 1# - ADDED ENTRY--PERSONAL NAME
Personal name Freshwater, D. C.
942 ## - ADDED ENTRY ELEMENTS (KOHA)
Koha item type General Book
Holdings
Price effective from Location (home branch) Copy number Koha item type Damaged status Withdrawn status Lost status Piece designation (barcode) Sublocation or collection (holding branch) Date acquired Koha full call number Koha normalized classification for sorting Shelving location Koha date last seen Not for loan Source of classification or shelving scheme
2016-01-07Central Library, BUET1General Book   22468Central Library, BUET2016-01-07660.28/ROS/1962660_280000000000000_ROS_1962Reference section2016-01-07  
2016-01-07Central Library, BUET2General Book   22469Central Library, BUET2016-01-07660.28/ROS/1962660_280000000000000_ROS_1962Reference section2016-01-07  
2016-01-07Central Library, BUET3General Book   22474Central Library, BUET2016-01-07660.28/ROS/1962660_280000000000000_ROS_1962Reference section2016-01-07  
2016-01-07Central Library, BUET4General Book   22473Central Library, BUET2016-01-07660.28/ROS/1962660_280000000000000_ROS_1962Reference section2016-01-07  
2016-01-07Central Library, BUET5General Book   22470Central Library, BUET2016-01-07660.28/ROS/1962660_280000000000000_ROS_1962Reference section2016-01-07  
2016-01-07Central Library, BUET6General Book   22471Central Library, BUET2016-01-07660.28/ROS/1962660_280000000000000_ROS_1962Reference section2016-01-07  
2016-01-07Central Library, BUET7General Book   22475Central Library, BUET2016-01-07660.28/ROS/1962660_280000000000000_ROS_1962Reference section2016-01-07  
2016-01-07Central Library, BUET8General Book   12046Central Library, BUET2016-01-07660.28/ROS/1962660_280000000000000_ROS_1962Reference section2016-01-07